[Event "Tønsberg"]
[Site "?"]
[Date "2004.09.13"]
[Round "1"]
[White "Bergquist Rune"]
[Black "Andreassen Tor Herman"]
[Result "1/2-1/2"]
[WhiteElo "1250"]
[BlackElo "1642"]
[PlyCount "81"]
[EventDate "2004.??.??"]
[Source "www.chesslib.no"]
[SourceDate "2004.05.04"]

1. d4 d5 2. c4 e6 3. Nc3 Nf6 4. Nf3 c6 5. e3 Nbd7 6. Qc2 Be7 7. Bd3 dxc4 8. Bxc4 O-O 9. O-O Re8 10. Bd3 Qc7 11. e4 Nf8 12. e5 Nd5 13. a3 a5 14. Ne2 Bd7 15. Ng5 Bxg5 16. Bxg5 Rac8 17. Rac1 b6 18. Qd2 Qa7 19. Be3 Rc7 20. b4 Ra8 21. bxa5 Qxa5 22. Qxa5 Rxa5 23. Ra1 Nxe3 24. fxe3 Rca7 25. Ng3 Rxa3 26. Rad1 Bc8 27. Ne4 Ba6 28. Bxa6 R3xa6 29. Nd6 b5 30. Rf3 Ra1 31. Rxa1 Rxa1+ 32. Kf2 Ra2+ 33. Kg3 Ra7 34. e4 b4 35. Nc8 Rc7 36. Nd6 Ng6 37. Rb3 c5 38. dxc5 Rxc5 39. Rxb4 Rc7 40. Rb8+ Nf8 41. h4 1/2-1/2

[Event "Dortmund op-B"]
[Site "?"]
[Date "2003.08.02"]
[Round "2"]
[White "Der Jozsef"]
[Black "Reusch Julian"]
[Result "0-1"]
[WhiteElo "1585"]
[BlackElo "1288"]
[PlyCount "78"]
[EventDate "2003.??.??"]
[Source "www.chesslib.no"]
[SourceDate "2004.05.04"]

1. d4 d5 2. c4 e6 3. Nc3 Nf6 4. Nf3 c6 5. e3 Nbd7 6. a4 Be7 7. Bd3 dxc4 8. Bxc4 O-O 9. O-O Qc7 10. Bd3 Bd6 11. h3 Nb6 12. e4 e5 13. Be3 Re8 14. Rc1 Bd7 15. Nb5 Qb8 16. Nxd6 Qxd6 17. dxe5 Rxe5 18. Nxe5 Qxe5 19. f4 Qxb2 20. Bc5 Be6 21. Rf2 Qb3 22. Qxb3 Bxb3 23. Bxb6 axb6 24. Rb1 Bxa4 25. Rxb6 Rd8 26. Rxb7 h6 27. Bb1 Bb5 28. Rb2 Nh5 29. Ba2 Ng3 30. Rxf7 Rd1+ 31. Kf2 Nh1+ 32. Ke3 Rd3+ 33. Ke2 Rb3+ 34. Kd1 Rxb2 35. Ra7+ Kh8 36. e5 Nf2+ 37. Kc1 Nd3+ 38. Kd1 Nxf4 39. e6 Be2+ 0-1

[Event "Corr"]
[Site "?"]
[Date "2002.10.10"]
[Round "?"]
[White "Kulik Vadim"]
[Black "Marks David W"]
[Result "1-0"]
[WhiteElo "1263"]
[BlackElo "1255"]
[PlyCount "37"]
[EventDate "2002.??.??"]
[Source "www.chesslib.no"]
[SourceDate "2004.05.04"]

1. d4 d5 2. c4 e6 3. Nc3 Nf6 4. Nf3 c6 5. e3 Nbd7 6. Qc2 Bd6 7. Bd2 O-O 8. O-O-O c5 9. cxd5 exd5 10. Kb1 c4 11. e4 dxe4 12. Ng5 Nb6 13. g3 Re8 14. Bg2 Bf5 15. Rhe1 Bb4 16. Ngxe4 Qxd4 17. Bg5 Bxe4 18. Nxe4 Qxd1+ 19. Rxd1 1-0